Normal view
MARC view
Entry Topical Term
001 - CONTROL NUMBER
- control field: 12
003 - CONTROL NUMBER IDENTIFIER
- control field: BD-RjUL
005 - DATE AND TIME OF LATEST TRANSACTION
- control field: 20211208235423.0
008 - FIXED-LENGTH DATA ELEMENTS
- fixed length control field: 211208|| aca||aabn | a|a d
040 ## - CATALOGING SOURCE
- Original cataloging agency: BD-RjUL
- Transcribing agency: BD-RjUL
150 ## - HEADING--TOPICAL TERM
- Topical term or geographic name entry element: Physics
- General subdivision: Engineering
- General subdivision: General
670 ## - SOURCE DATA FOUND
- Source citation: Work cat.: (BD-RjUL)13205: Spooner, Henry John. 41123, Machine design, construction and drawing :, 1910